000 00667nam a2200217Ia 4500
003 OSt
005 20260415120158.0
008 210210b1971 xxu||||| |||| 00| 0 eng d
040 _cAL
041 _aKannada
082 _a591K MATP
100 _aMATHADA (S B)
_dಮಥಾಡ (ಎಸ್ ಬಿ)
_9261623
245 _aPranishastra parichaya.
_bಪ್ರಾಣಿಶಾಸ್ತ್ರ ಪರಿಚಯ.
260 _aDharavada
_bKarnataka Vishvavidyalaya
_c1971
300 _ax,323
650 _aPranishastra
_9261624
690 _aZoology
_9261625
700 _aKULKARNI (V E).
_dಕುಲಕರ್ಣಿ (ವಿ ಇ)
_9261626
906 _a034436
942 _2ddc
_cBK
999 _c85390
_d85390